Hrajte starý rokenrol Deltaplán /

Hlavní autor: Petřina, Ota, 1949-2015
Další autoři: Rytíř, Zdeněk, 1944-2013, Pokorný, Václav, 1918-2011
Jazyk: Čeština
Vydáno: Praha : Supraphon, 1979
Vydání: 1. vyd.
Edice: Malý taneční soubor. Combo series
Fyzický popis: 5 hlasů
Hudebniny Hudebniny
Uloženo v:
LEADER 00980ncm a22002772a 4500
001 001102891
003 CZ BrMZK
005 20110505151545.0
007 qu
008 100622s1979 xr |||||||||||||||||cze d
040 |a BOA001  |b cze 
072 7 |a 784  |x Vokální hudba  |2 Konspekt  |9 9 
100 1 |a Petřina, Ota,  |d 1949-2015  |7 jx20041111024  |4 cmp 
245 1 0 |a Hrajte starý rokenrol  |h [hudebnina] ;  |b Deltaplán /  |c Ota Petřina ; text Zd. Rytíř ; upravil V. Pokorný 
250 |a 1. vyd. 
260 |a Praha :  |b Supraphon,  |c 1979 
300 |a 5 hlasů 
490 1 |a Malý taneční soubor. Combo series ;  |v 281 
700 1 |a Rytíř, Zdeněk,  |d 1944-2013  |7 jk01103428  |4 lyr 
700 1 |a Pokorný, Václav,  |d 1918-2011  |7 ola2002108019  |4 arr 
740 0 2 |a Deltaplán 
830 0 |a Malý taneční soubor.  |p Combo series 
910 |a BOA001  |b Mus3-0802.280 
990 |a MU 
991 |b 201006 
996 6 |b 2619457683  |c Mus3-0802.280  |l MZK  |r Sklad / do 1 hodiny  |n 0  |w 001129548  |u 000010  |a 1  |e BOA001  |j MZK50  |s P